000 00342nam a22001697a 4500
003 UA-OsUOA
001 3563
007 ta
008 20050721b un ||||| |||| 00| 0 ukr d
100 _aGiff
700 _aP. R.
942 _cBK
040 _aUA-OsUOA
_cUA-OsUOA
_dUA-OsUOA
245 _aLily's Crossing.
955 _a2
650 7 _2UDC
999 _c289725
_d289725